=LDR 00000nam 2200000 4500 =001 NUTBA000000000005879 =005 20141112104753.0 =006 =007 =008 =020 ##$$a 978-602-8123-32-7 =035 ##$$a 0010-111400000000358 =040 ##$$a NBPDMAT =090 ##$$a 660.6 $b Sus b =100 ##$$a Susi Laelawati =245 ##$$a Bioteknologi/ $c Susi Laelawati; editor, Linda Chandayani =260 ##$$a Jakarta : $b Nobel Edu Media, $c 2012 =300 ##$$a vi, 80 hlm. : $b ilus. ; $c 21 cm. =500 ##$$a Bibliografi : hlm. 80 =650 ##$$a Biotenologi =700 ##$$a Linda Chandayani =850 ##$$a NBPDMAT =990 ##$$a 60906090 =990 ##$$a 21416507 =990 ##$$a 21416508 =990 ##$$a 21416509 =990 ##$$a 21416510 =990 ##$$a 21416511 =990 ##$$a 01201806090